| 000 | 00641nam a2200217 u 4500 | ||
|---|---|---|---|
| 005 | 20230909063624.0 | ||
| 008 | 160601s2007 mx r 000 0 spa d | ||
| 020 | _a9789707709447 | ||
| 035 | _aUPN01000210952 | ||
| 049 | _aI | ||
| 050 | 4 |
_aPZ74 _bR4.4 |
|
| 100 | 1 |
_aReyes, Yolanda, _d1959- _931971 |
|
| 245 | 1 | 4 |
_aUna cama para tres / _cYolanda Reyes ; il. Ivar Da Coll. |
| 260 |
_aMéxico : _bAlfaguara, _c2007. |
||
| 300 | _a[24] p. | ||
| 440 | 0 |
_aAlfaguara infantil. _pDesde 6 años |
|
| 650 | 0 |
_aCuentos infantiles colombianos _94407 |
|
| 650 | 2 |
_aDragones _vLiteratura infantil _911808 |
|
| 905 | _aInfantil | ||
| 999 |
_c183053 _d183053 |
||